[Event "DM 2024 KP-1 Grp1"]
[Site "Svendborg"]
[Date "2024.03.23"]
[Round "1"]
[White "Watson, Colin"]
[Black "Madsen, Hans Henrik"]
[Result "1-0"]
[WhiteElo "1938"]
[BlackElo "2087"]
[PlyCount "80"]
[WhiteFideId "1422910"]
[BlackFideId "1403117"]
[EventDate "2024.03.23"]
[EventType "swiss"]
[EventRounds "5"]
[EventCountry "DEN"]
[SourceTitle "Live v. Kasper Jerwiarz"]

1. Nc3 d5 2. e4 dxe4 3. Nxe4 Nf6 4. Ng3 e6 5. Nf3 Be7 
6. Bc4 Nc6 7. O-O O-O 8. d4 b6 9. c3 Na5 10. Bd3 c5 
11. dxc5 bxc5 12. Qe2 Bb7 13. Bd2 c4 14. Bc2 Bd5 15. Be3 Qc7 
16. h3 Rab8 17. Rfe1 Rb7 18. Rab1 Rfb8 19. Qd2 Rd8 20. Qe2 Nc6 
21. Nd4 Nxd4 22. Bxd4 g6 23. b4 a6 24. Qe3 Nd7 25. Qh6 Bf8 
26. Qe3 e5 27. Bxe5 Nxe5 28. Qxe5 Qxe5 29. Rxe5 Be6 30. Re2 Bg7 
31. Ne4 Bf5 32. Nc5 Bxc2 33. Nxb7 Bxb1 34. Nxd8 Bxc3 35. Nc6 Bf6 
36. Ne7+ Kg7 37. Nd5 c3 38. Nxf6 Kxf6 39. Re1 c2 40. a4 Ba2 
1-0

[Event "DM 2024 KP-1 Grp1"]
[Site "Svendborg"]
[Date "2024.03.23"]
[Round "1"]
[White "Aagaard, Gert"]
[Black "Bonnez, Finn"]
[Result "1-0"]
[WhiteElo "2006"]
[BlackElo "1917"]
[PlyCount "45"]
[WhiteFideId "1427024"]
[BlackFideId "1403800"]
[EventDate "2024.03.23"]
[EventType "swiss"]
[EventRounds "5"]
[EventCountry "DEN"]
[SourceTitle "Live v. Kasper Jerwiarz"]

1. d4 f5 2. Nc3 e6 3. e4 d5 4. exf5 exf5 5. Bd3 c6 
6. Qf3 Qf6 7. Nge2 Bd6 8. h4 Ne7 9. Bg5 Qf7 10. O-O-O O-O 
11. Bf4 Bxf4+ 12. Nxf4 Nd7 13. Qg3 Nf6 14. f3 c5 15. Nb5 Nc6 
16. Nd6 Qc7 17. dxc5 Nb4 18. Qf2 Qa5 19. a3 Nxd3+ 20. Rxd3 b6 
21. Nxd5 bxc5 22. Ne7+ Kh8 23. Qxc5 1-0

[Event "DM 2024 KP-1 Grp1"]
[Site "Svendborg"]
[Date "2024.03.23"]
[Round "1"]
[White "Paludan, Noah"]
[Black "Ringsmose, Christian"]
[Result "1-0"]
[WhiteElo "1922"]
[BlackElo "1980"]
[PlyCount "113"]
[WhiteFideId "1474987"]
[BlackFideId "1451669"]
[EventDate "2024.03.23"]
[EventType "swiss"]
[EventRounds "5"]
[EventCountry "DEN"]
[SourceTitle "Live v. Kasper Jerwiarz"]

1. e4 c6 2. Nc3 d5 3. Nf3 dxe4 4. Nxe4 Nf6 5. Qe2 Nxe4 
6. Qxe4 Nd7 7. Bc4 Nf6 8. Ne5 e6 9. Qe2 b5 10. Bb3 Qc7 
11. d4 Bd6 12. O-O O-O 13. h3 a5 14. a4 Ba6 15. Re1 Nd5 
16. axb5 cxb5 17. Bxd5 exd5 18. Be3 Rac8 19. c3 f6 20. Nd3 Qc4 
21. Nc5 Qxe2 22. Rxe2 Bxc5 23. dxc5 a4 24. Rd2 Bb7 25. Bd4 Rfe8 
26. Kf1 Ba6 27. f3 Kf7 28. Kf2 Rc6 29. Re1 Ree6 30. Rxe6 Kxe6 
31. Re2+ Kd7 32. Re1 Rc8 33. h4 Bb7 34. Kg3 Ra8 35. h5 h6 
36. Kf4 a3 37. bxa3 Rxa3 38. Kf5 Ra2 39. g4 Rd2 40. Kg6 b4 
41. Kxg7 b3 42. Rb1 b2 43. Bxf6 Ba6 44. c4 d4 45. Bxd4 Rxd4 
46. Rxb2 Bxc4 47. Kxh6 Bd5 48. Rf2 Rf4 49. g5 Ke7 50. g6 Kf6 
51. Kh7 Rf5 52. h6 Rg5 53. g7 Bf7 54. Rd2 Rxc5 55. Rd8 Bg6+ 
56. Kh8 Rh5 57. Rd6+ 1-0

[Event "DM 2024 KP-1 Grp1"]
[Site "Svendborg"]
[Date "2024.03.23"]
[Round "1"]
[White "Rasmussen, Steen Hulthin"]
[Black "Ramsdal, Mikkel"]
[Result "1-0"]
[WhiteElo "2052"]
[BlackElo "1882"]
[PlyCount "59"]
[WhiteFideId "1419307"]
[BlackFideId "1438484"]
[EventDate "2024.03.23"]
[EventType "swiss"]
[EventRounds "5"]
[EventCountry "DEN"]
[SourceTitle "Live v. Kasper Jerwiarz"]

1. d4 Nf6 2. Nc3 d5 3. e4 dxe4 4. Bg5 Bf5 5. f3 e3 
6. Nge2 e6 7. g4 Bg6 8. h4 h6 9. Bxe3 Bb4 10. a3 Bxc3+ 
11. Nxc3 Nd5 12. Nxd5 Qxd5 13. Qe2 Nc6 14. c4 Qa5+ 15. Kf2 O-O-O 
16. Rd1 Nxd4 17. Rxd4 Rxd4 18. Bxd4 Rd8 19. Qe3 e5 20. Bc3 Qa4 
21. Qxe5 Re8 22. Qd4 Qc2+ 23. Qd2 Qb3 24. Be2 Qb6+ 25. Qd4 Qe6 
26. Re1 Rd8 27. Qxa7 Rd6 28. c5 Qe7 29. Qa8+ Kd7 30. Bb5+ 1-0

[Event "DM 2024 KP-1 Grp1"]
[Site "Svendborg"]
[Date "2024.03.23"]
[Round "1"]
[White "Olsen, Birger"]
[Black "Skytte, Torill"]
[Result "1-0"]
[WhiteElo "1938"]
[BlackElo "1968"]
[PlyCount "61"]
[WhiteFideId "1450344"]
[BlackFideId "1503260"]
[EventDate "2024.03.23"]
[EventType "swiss"]
[EventRounds "5"]
[EventCountry "DEN"]
[SourceTitle "Live v. Kasper Jerwiarz"]

1. e4 e6 2. d4 d5 3. exd5 exd5 4. Nf3 Bd6 5. Bd3 Bg4 
6. Be3 c6 7. Nbd2 Nd7 8. h3 Bh5 9. c3 Qc7 10. Qc2 Bg6 
11. O-O-O Ne7 12. Rhe1 O-O-O 13. Ng5 Rdf8 14. g3 Bxd3 15. Qxd3 h6 
16. Ngf3 f5 17. Bf4 Bxf4 18. Rxe7 Bxd2+ 19. Rxd2 Qd8 20. Rde2 g6 
21. R2e6 f4 22. g4 g5 23. Qe2 Nf6 24. Rxc6+ Kb8 25. Qe5+ Ka8 
26. Rxf6 Rxf6 27. Qxf6 Rh7 28. Re6 Qc8 29. Qe5 Rh8 30. Qxd5 Rd8 
31. Rd6 1-0

[Event "DM 2024 KP-1 Grp1"]
[Site "Svendborg"]
[Date "2024.03.23"]
[Round "1"]
[White "Steenstrup, Svend"]
[Black "Almasy, Alexander Christian"]
[Result "1-0"]
[WhiteElo "1959"]
[BlackElo "1879"]
[PlyCount "95"]
[WhiteFideId "1409182"]
[BlackFideId "1415700"]
[EventDate "2024.03.23"]
[EventType "swiss"]
[EventRounds "5"]
[EventCountry "DEN"]
[SourceTitle "Live v. Kasper Jerwiarz"]

1. d4 d5 2. c4 c6 3. Nf3 Nf6 4. Qb3 e6 5. Bg5 Nbd7 
6. Nc3 Be7 7. Rc1 O-O 8. g3 h6 9. Bf4 Nh5 10. Bd2 Kh8 
11. g4 Nhf6 12. g5 hxg5 13. Nxg5 Bd6 14. e4 e5 15. c5 exd4 
16. Nxd5 Nxc5 17. Rxc5 Bxc5 18. Nxf6 Qxf6 19. Qg3 Kg8 20. Rg1 Re8 
21. Qh4 Rxe4+ 22. Qxe4 Bf5 23. Qe2 d3 24. Bc3 Qxc3+ 25. bxc3 dxe2 
26. Bxe2 Re8 27. Kf1 f6 28. Nf3 Bh3+ 29. Ke1 Bf5 30. Kf1 b5 
31. Nd2 a5 32. Bf3 Bh3+ 33. Bg2 Bxg2+ 34. Rxg2 Kf7 35. f3 f5 
36. Nb3 Bb6 37. Rd2 Re3 38. Rd7+ Kf6 39. Rd6+ Re6 40. Rd7 a4 
41. Nd4 Bxd4 42. cxd4 g6 43. Kf2 Kg5 44. a3 Kf4 45. d5 cxd5 
46. Rxd5 Re5 47. Rd4+ Kg5 48. f4+ 1-0

[Event "DM 2024 KP-1 Grp1"]
[Site "Svendborg"]
[Date "2024.03.23"]
[Round "1"]
[White "Rasmussen, Bjarne Meldgaard"]
[Black "Poulsen, Peter Risgaard"]
[Result "1/2-1/2"]
[WhiteElo "1914"]
[BlackElo "1927"]
[PlyCount "41"]
[WhiteFideId "1439880"]
[BlackFideId "1407333"]
[EventDate "2024.03.23"]
[EventType "swiss"]
[EventRounds "5"]
[EventCountry "DEN"]
[SourceTitle "Live v. Kasper Jerwiarz"]

1. e4 c6 2. Nf3 d5 3. e5 Bg4 4. Be2 e6 5. d4 Bxf3 
6. Bxf3 c5 7. c3 Nc6 8. O-O cxd4 9. Re1 dxc3 10. Nxc3 Nge7 
11. Bf4 Ng6 12. Bg3 Be7 13. Qb3 O-O 14. Qxb7 Nd4 15. Bd1 Qb6 
16. Qxb6 axb6 17. f3 Bc5 18. Kh1 Nf5 19. Re2 Nxg3+ 20. hxg3 Ne7 
21. Bc2 1/2-1/2

[Event "DM 2024 KP-1 Grp1"]
[Site "Svendborg"]
[Date "2024.03.24"]
[Round "2"]
[White "Watson, Colin"]
[Black "Aagaard, Gert"]
[Result "0-1"]
[WhiteElo "1938"]
[BlackElo "2006"]
[PlyCount "176"]
[WhiteFideId "1422910"]
[BlackFideId "1427024"]
[EventDate "2024.03.23"]
[EventType "swiss"]
[EventRounds "5"]
[EventCountry "DEN"]
[SourceTitle "Live v. Kasper Jerwiarz"]

1. Nc3 c6 2. e4 d5 3. d4 dxe4 4. Nxe4 Nd7 5. Nf3 Ngf6 
6. Ng3 Nb6 7. c3 Bg4 8. h3 Bxf3 9. Qxf3 e6 10. Be2 Be7 
11. O-O O-O 12. Be3 Rc8 13. Rfd1 Qc7 14. Bf4 Bd6 15. Bxd6 Qxd6 
16. Ne4 Nxe4 17. Qxe4 Rfd8 18. Rac1 Rc7 19. h4 Qe7 20. Bd3 g6 
21. g3 Rcd7 22. Be2 Nd5 23. Bf3 Qf6 24. Kg2 Nb6 25. Qe2 Kg7 
26. Re1 h6 27. Rcd1 Re7 28. Qf1 Ree8 29. Re3 Nd5 30. Re4 Qe7 
31. Rde1 Qc7 32. Qe2 Qa5 33. Qc4 a6 34. Re5 Qb5 35. Qb3 Qxb3 
36. axb3 Nc7 37. Kf1 f6 38. R5e2 Kf7 39. Bg4 Rd5 40. f4 h5 
41. Bh3 Rb5 42. b4 a5 43. bxa5 Rxa5 44. Kf2 Ra2 45. Kf3 f5 
46. Bf1 Rea8 47. Rf2 Ra1 48. Rxa1 Rxa1 49. Bc4 Ke7 50. Re2 Kd6 
51. Bb3 Ra8 52. c4 b6 53. Re5 c5 54. Ke3 Ra1 55. Kd3 Rb1 
56. Re2 Rg1 57. Re3 Rg2 58. dxc5+ bxc5 59. Kc3 Ne8 60. Rd3+ Ke7 
61. Ba4 Nd6 62. Bc6 Rg1 63. b3 Re1 64. Kd2 Ra1 65. Re3 Ra6 
66. Bd5 Ne8 67. Kc3 Kf6 68. Bf3 Nd6 69. Re5 Ra5 70. Kb2 Nf7 
71. Re1 e5 72. fxe5+ Nxe5 73. Be2 Nc6 74. Bf1 Nd4 75. Bd3 Ra6 
76. Re8 Rb6 77. Bc2 Re6 78. Rxe6+ Kxe6 79. Bd1 Ke5 80. b4 cxb4 
81. Ba4 Ne2 82. Be8 Nxg3 83. Bxg6 Kd4 84. Bf7 f4 85. Bd5 Ne4 
86. Bf7 Nf6 87. Be6 f3 88. Kb3 Kc5 0-1

[Event "DM 2024 KP-1 Grp1"]
[Site "Svendborg"]
[Date "2024.03.24"]
[Round "2"]
[White "Paludan, Noah"]
[Black "Rasmussen, Steen Hulthin"]
[Result "0-1"]
[WhiteElo "1922"]
[BlackElo "2052"]
[PlyCount "86"]
[WhiteFideId "1474987"]
[BlackFideId "1419307"]
[EventDate "2024.03.23"]
[EventType "swiss"]
[EventRounds "5"]
[EventCountry "DEN"]
[SourceTitle "Live v. Kasper Jerwiarz"]

1. e4 d6 2. d4 Nf6 3. Nc3 c6 4. Nf3 Bg4 5. Be2 Nbd7 
6. O-O Qc7 7. a4 e5 8. Be3 Be7 9. dxe5 dxe5 10. Ng5 Bxe2 
11. Qxe2 h6 12. Nf3 Qa5 13. Nd2 O-O 14. Nb3 Qc7 15. Rfd1 Rfd8 
16. f3 Nh7 17. Rd3 Nhf8 18. Rad1 Ne6 19. Qd2 Nb6 20. Qc1 Bb4 
21. Na2 Be7 22. a5 Nc4 23. Bf2 Nxa5 24. Nxa5 Qxa5 25. Nc3 Bc5 
26. Ne2 Qb6 27. Bxc5 Qxc5+ 28. Kh1 Qa5 29. Qe3 a6 30. h3 Rxd3 
31. Rxd3 Rd8 32. Rxd8+ Qxd8 33. Qc3 Qd1+ 34. Ng1 Nd4 35. Kh2 Qxg1+ 
36. Kxg1 Ne2+ 37. Kf2 Nxc3 38. bxc3 Kf8 39. c4 b6 40. Ke3 Ke7 
41. Kd3 Kd6 42. h4 Kc5 43. Kc3 a5 0-1

[Event "DM 2024 KP-1 Grp1"]
[Site "Svendborg"]
[Date "2024.03.24"]
[Round "2"]
[White "Olsen, Birger"]
[Black "Steenstrup, Svend"]
[Result "0-1"]
[WhiteElo "1938"]
[BlackElo "1959"]
[PlyCount "86"]
[WhiteFideId "1450344"]
[BlackFideId "1409182"]
[EventDate "2024.03.23"]
[EventType "swiss"]
[EventRounds "5"]
[EventCountry "DEN"]
[SourceTitle "Live v. Kasper Jerwiarz"]

1. e4 d5 2. exd5 Qxd5 3. Nc3 Qd6 4. Nf3 Nf6 5. d4 a6 
6. h3 Nc6 7. Be3 Bf5 8. Bd3 g6 9. Qd2 Bxd3 10. Qxd3 Bg7 
11. a3 O-O 12. O-O Rad8 13. Rad1 b5 14. Ne2 Nd5 15. c4 Nxe3 
16. fxe3 e5 17. c5 Qe7 18. Qe4 exd4 19. Qxe7 Nxe7 20. exd4 Nd5 
21. Rd3 Rfe8 22. Nc3 Nf4 23. Rdd1 Ne6 24. Ne2 Nxc5 25. Nf4 Ne6 
26. Nxe6 Rxe6 27. Rc1 Rd7 28. Rc2 Bh6 29. Ne5 Rxd4 30. Ng4 Bf4 
31. Rcf2 g5 32. g3 Bxg3 33. Rxf7 Bf4 34. Rf5 Kg7 35. h4 Kg6 
36. Rc5 Kh5 37. Nh2 Kxh4 38. Nf3+ Kg3 39. Rxg5+ Bxg5 40. Nxg5 Re2 
41. Nf3 Rg2+ 42. Kh1 Rd6 43. Nh4 Rh2+ 0-1

[Event "DM 2024 KP-1 Grp1"]
[Site "Svendborg"]
[Date "2024.03.24"]
[Round "2"]
[White "Poulsen, Peter Risgaard"]
[Black "Madsen, Hans Henrik"]
[Result "1/2-1/2"]
[WhiteElo "1927"]
[BlackElo "2087"]
[PlyCount "39"]
[WhiteFideId "1407333"]
[BlackFideId "1403117"]
[EventDate "2024.03.23"]
[EventType "swiss"]
[EventRounds "5"]
[EventCountry "DEN"]
[SourceTitle "Live v. Kasper Jerwiarz"]

1. d4 Nf6 2. Nf3 d5 3. e3 c5 4. b3 Nc6 5. Bb2 e6 
6. Bd3 Bd7 7. a3 Qc7 8. Ne5 Nxe5 9. dxe5 Ng8 10. Nd2 Ne7 
11. O-O g6 12. e4 Bg7 13. f4 Bc6 14. Qe2 O-O-O 15. c4 dxe4 
16. Nxe4 Bxe4 17. Bxe4 Nc6 18. Rfd1 Rxd1+ 19. Rxd1 Rd8 20. Rxd8+ 1/2-1/2

[Event "DM 2024 KP-1 Grp1"]
[Site "Svendborg"]
[Date "2024.03.24"]
[Round "2"]
[White "Ringsmose, Christian"]
[Black "Rasmussen, Bjarne Meldgaard"]
[Result "0-1"]
[WhiteElo "1980"]
[BlackElo "1914"]
[PlyCount "74"]
[WhiteFideId "1451669"]
[BlackFideId "1439880"]
[EventDate "2024.03.23"]
[EventType "swiss"]
[EventRounds "5"]
[EventCountry "DEN"]
[SourceTitle "Live v. Kasper Jerwiarz"]

1. e4 c5 2. Nf3 d6 3. d4 cxd4 4. Nxd4 Nf6 5. Nc3 a6 
6. Be2 g6 7. Be3 Bg7 8. f3 O-O 9. Qd2 Re8 10. O-O-O Nc6 
11. g4 Nxd4 12. Bxd4 b5 13. h4 Be6 14. Nd5 Bxd5 15. exd5 e5 
16. Be3 Rc8 17. h5 Qc7 18. c3 b4 19. c4 Qa5 20. Kb1 Rb8 
21. hxg6 fxg6 22. Bg5 Nd7 23. Bd3 Nf8 24. Bh6 Qc7 25. Be3 a5 
26. Rh3 Qf7 27. Rdh1 a4 28. Qh2 Bh8 29. Qe2 a3 30. b3 e4 
31. fxe4 Qf6 32. Kc1 Qa1+ 33. Bb1 Rxe4 34. Qh2 Qc3+ 35. Qc2 Rxe3 
36. Qxc3 Rxc3+ 37. Rxc3 Bxc3 0-1

[Event "DM 2024 KP-1 Grp1"]
[Site "Svendborg"]
[Date "2024.03.24"]
[Round "2"]
[White "Skytte, Torill"]
[Black "Ramsdal, Mikkel"]
[Result "0-1"]
[WhiteElo "1968"]
[BlackElo "1882"]
[PlyCount "110"]
[WhiteFideId "1503260"]
[BlackFideId "1438484"]
[EventDate "2024.03.23"]
[EventType "swiss"]
[EventRounds "5"]
[EventCountry "DEN"]
[SourceTitle "Live v. Kasper Jerwiarz"]

1. d4 d5 2. Bf4 c5 3. e3 cxd4 4. exd4 Nc6 5. c3 f6 
6. Bd3 e5 7. Qe2 Qe7 8. Be3 Be6 9. Nd2 a6 10. Nb3 e4 
11. Bc2 f5 12. Nh3 h6 13. Nf4 Bf7 14. h4 Nf6 15. O-O-O g6 
16. f3 Bg7 17. Rde1 O-O-O 18. Nc5 g5 19. hxg5 hxg5 20. Nh3 Nh5 
21. Bxg5 Bf6 22. Bxf6 Qxf6 23. Qf2 Rdf8 24. Rhf1 Qh6+ 25. Kb1 Rhg8 
26. fxe4 Ng3 27. Rg1 fxe4 28. Qe3 Qxe3 29. Rxe3 b6 30. Nxa6 Bh5 
31. Bb3 Rf5 32. Rge1 Kb7 33. Nb4 Nxb4 34. cxb4 Nf1 35. Bxd5+ Rxd5 
36. Rxf1 Rxd4 37. Nf4 Rf8 38. a3 Rd2 39. g3 Be2 40. Rh1 Bf3 
41. Rh7+ Kb8 42. Rg7 Rh8 43. Ka2 Rc8 44. g4 Rcc2 45. Kb3 Bd1 
46. Rc3 e3 47. g5 b5 48. Rxc2 Rxc2 49. Ka2 Rc4 50. Ng2 e2 
51. Re7 Rg4 52. Ne1 Rxg5 53. Kb1 Rg1 54. Nd3 Bb3+ 55. Nc1 e1=Q 
0-1

[Event "DM 2024 KP-1 Grp1"]
[Site "Svendborg"]
[Date "2024.03.24"]
[Round "2"]
[White "Bonnez, Finn"]
[Black "Almasy, Alexander Christian"]
[Result "0-1"]
[WhiteElo "1917"]
[BlackElo "1879"]
[PlyCount "64"]
[WhiteFideId "1403800"]
[BlackFideId "1415700"]
[EventDate "2024.03.23"]
[EventType "swiss"]
[EventRounds "5"]
[EventCountry "DEN"]
[SourceTitle "Live v. Kasper Jerwiarz"]

1. d4 d5 2. Bf4 Nf6 3. e3 Bf5 4. Nd2 e6 5. a3 c5 
6. Ngf3 h6 7. Bxb8 Rxb8 8. Bb5+ Ke7 9. dxc5 Qc7 10. b4 g5 
11. Nd4 Bg6 12. Bd3 Bh5 13. Be2 Bg6 14. Nb5 Qd7 15. Nxa7 b6 
16. cxb6 Rxb6 17. Nb5 Rxb5 18. Bxb5 Qxb5 19. Qe2 Qb7 20. Nb3 Ne4 
21. f3 Nc3 22. Qd2 Bg7 23. O-O Rc8 24. Nc5 Qb5 25. Rae1 Na4 
26. c4 dxc4 27. Rd1 Nxc5 28. Qd6+ Ke8 29. bxc5 Bd3 30. Rf2 Rxc5 
31. Rfd2 Be5 32. a4 Qa5 0-1

[Event "DM 2024 KP-1 Grp1"]
[Site "Svendborg"]
[Date "2024.03.24"]
[Round "3"]
[White "Aagaard, Gert"]
[Black "Rasmussen, Steen Hulthin"]
[Result "1/2-1/2"]
[WhiteElo "2006"]
[BlackElo "2052"]
[PlyCount "132"]
[WhiteFideId "1427024"]
[BlackFideId "1419307"]
[EventDate "2024.03.23"]
[EventType "swiss"]
[EventRounds "5"]
[EventCountry "DEN"]
[SourceTitle "Live v. Kasper Jerwiarz"]

1. d4 Nf6 2. Nf3 b6 3. e3 Bb7 4. Bd3 e6 5. O-O c5 
6. c3 d5 7. b3 Nbd7 8. Nbd2 Be7 9. Bb2 O-O 10. Rc1 Ne4 
11. Qe2 Nxd2 12. Nxd2 e5 13. dxe5 Nxe5 14. Bxh7+ Kxh7 15. Qh5+ Kg8 
16. Qxe5 Bd6 17. Qh5 Qf6 18. Nf3 Rae8 19. c4 d4 20. exd4 Bxf3 
21. Qxf3 Qxf3 22. gxf3 Re2 23. Bc3 cxd4 24. Bxd4 Rxa2 25. Ra1 Rd2 
26. Be3 Rb2 27. Rfb1 Rxb1+ 28. Rxb1 Rc8 29. Rd1 Rd8 30. Kf1 Be7 
31. Rxd8+ Bxd8 32. Ke2 Kf8 33. Kd3 Ke7 34. Ke4 Ke6 35. Bd4 g6 
36. h3 Be7 37. Be3 Bb4 38. Kd4 Kd6 39. Bf4+ Ke6 40. Kd3 Bc5 
41. Be3 Bb4 42. Bd4 Kf5 43. Be3 Ke5 44. f4+ Ke6 45. Ke4 f5+ 
46. Kd3 Kd6 47. Bd4 Kc6 48. f3 a5 49. Bg7 Bc5 50. Bf6 Bd6 
51. Kd4 Bxf4 52. Be5 Bc1 53. Kc3 Ba3 54. Bf4 Bc5 55. Be5 Bf2 
56. Bd4 Bg3 57. Kd3 Bf4 58. Bb2 Bg5 59. Ba3 Bf6 60. b4 Be7 
61. Kc3 Bf6+ 62. Kb3 axb4 63. Bxb4 Bd4 64. Kc2 b5 65. Kd3 Bg1 
66. Bf8 Bb6 1/2-1/2

[Event "DM 2024 KP-1 Grp1"]
[Site "Svendborg"]
[Date "2024.03.24"]
[Round "3"]
[White "Steenstrup, Svend"]
[Black "Rasmussen, Bjarne Meldgaard"]
[Result "1-0"]
[WhiteElo "1959"]
[BlackElo "1914"]
[PlyCount "55"]
[WhiteFideId "1409182"]
[BlackFideId "1439880"]
[EventDate "2024.03.23"]
[EventType "swiss"]
[EventRounds "5"]
[EventCountry "DEN"]
[SourceTitle "Live v. Kasper Jerwiarz"]

1. e4 e5 2. Nc3 Nf6 3. Nf3 d6 4. d4 exd4 5. Nxd4 Be7 
6. Be2 O-O 7. g4 Re8 8. g5 Nfd7 9. Nf5 Nf8 10. Nxe7+ Qxe7 
11. Be3 c6 12. Qd2 b5 13. Bf3 Ne6 14. O-O-O Rd8 15. Bg2 Na6 
16. f4 Bb7 17. f5 Nec5 18. f6 Qe6 19. a3 Qe8 20. fxg7 Ne6 
21. Qf2 Nxg7 22. Bd4 Qe6 23. h4 b4 24. Bh3 Qg6 25. axb4 Nxb4 
26. Bf6 c5 27. h5 Qxh5 28. Bf5 1-0

[Event "DM 2024 KP-1 Grp1"]
[Site "Svendborg"]
[Date "2024.03.24"]
[Round "3"]
[White "Ramsdal, Mikkel"]
[Black "Watson, Colin"]
[Result "1/2-1/2"]
[WhiteElo "1882"]
[BlackElo "1938"]
[PlyCount "53"]
[WhiteFideId "1438484"]
[BlackFideId "1422910"]
[EventDate "2024.03.23"]
[EventType "swiss"]
[EventRounds "5"]
[EventCountry "DEN"]
[SourceTitle "Live v. Kasper Jerwiarz"]

1. d4 Nf6 2. c4 e6 3. Nf3 d5 4. g3 Bb4+ 5. Bd2 Be7 
6. Bg2 O-O 7. O-O b6 8. cxd5 exd5 9. Nc3 Bb7 10. Rc1 Nbd7 
11. Bf4 c6 12. Qd3 Nh5 13. Bd2 Bd6 14. e4 dxe4 15. Nxe4 Be7 
16. Rfd1 Nhf6 17. Nxf6+ Bxf6 18. Bf4 Re8 19. Qb3 Qe7 20. Re1 Qf8 
21. Ne5 Bxe5 22. Bxe5 Kh8 23. Bh3 Nxe5 24. dxe5 c5 25. Bg2 Bxg2 
26. Kxg2 Rad8 27. Rc3 1/2-1/2

[Event "DM 2024 KP-1 Grp1"]
[Site "Svendborg"]
[Date "2024.03.24"]
[Round "3"]
[White "Almasy, Alexander Christian"]
[Black "Paludan, Noah"]
[Result "1/2-1/2"]
[WhiteElo "1879"]
[BlackElo "1922"]
[PlyCount "118"]
[WhiteFideId "1415700"]
[BlackFideId "1474987"]
[EventDate "2024.03.23"]
[EventType "swiss"]
[EventRounds "5"]
[EventCountry "DEN"]
[SourceTitle "Live v. Kasper Jerwiarz"]

1. d4 Nf6 2. Nf3 g6 3. c4 Bg7 4. Nc3 O-O 5. e4 d6 
6. Be2 Nbd7 7. O-O e5 8. Re1 Re8 9. Bf1 a6 10. g3 exd4 
11. Nxd4 c6 12. Bg2 Ne5 13. b3 h6 14. Ba3 Qa5 15. Bb2 Nh7 
16. Rc1 Nf8 17. Kh1 Ng4 18. Rf1 h5 19. h3 Nf6 20. f4 Ne6 
21. Nde2 g5 22. f5 Nc5 23. Qc2 Qc7 24. b4 Ncd7 25. Rcd1 Ne5 
26. Qb3 g4 27. Nf4 b6 28. a4 Bb7 29. b5 cxb5 30. cxb5 a5 
31. Rc1 Qe7 32. Ba3 Qd7 33. Rcd1 gxh3 34. Nxh3 Bf8 35. Nf4 Qc7 
36. Rc1 Qd7 37. Rfd1 Rad8 38. Ncd5 Nxd5 39. Nxd5 Bxd5 40. Rxd5 Qe7 
41. Qe3 Ng4 42. f6 Nxe3 43. fxe7 Bxe7 44. Rxh5 Nxg2 45. Kxg2 Bf6 
46. Kf3 Rc8 47. Rhh1 Be5 48. Rxc8 Rxc8 49. Rc1 Rxc1 50. Bxc1 Bd4 
51. Bf4 Bc5 52. Kg4 Kf8 53. Kf5 Ke7 54. g4 Bd4 55. g5 Bf2 
56. Bd2 Bd4 57. Bc1 Bf2 58. Bb2 Be3 59. Bf6+ Kd7 1/2-1/2

[Event "DM 2024 KP-1 Grp1"]
[Site "Svendborg"]
[Date "2024.03.24"]
[Round "3"]
[White "Madsen, Hans Henrik"]
[Black "Skytte, Torill"]
[Result "1-0"]
[WhiteElo "2087"]
[BlackElo "1968"]
[PlyCount "89"]
[WhiteFideId "1403117"]
[BlackFideId "1503260"]
[EventDate "2024.03.23"]
[EventType "swiss"]
[EventRounds "5"]
[EventCountry "DEN"]
[SourceTitle "Live v. Kasper Jerwiarz"]

1. d4 d5 2. Nf3 Nf6 3. c4 e6 4. Nc3 c5 5. cxd5 exd5 
6. Bg5 Be7 7. e3 Nc6 8. Be2 O-O 9. dxc5 Be6 10. Rc1 h6 
11. Bh4 Ne4 12. Bxe7 Nxe7 13. Nxe4 dxe4 14. Qxd8 Rfxd8 15. Nd4 Bd5 
16. O-O Rac8 17. b4 Nc6 18. Nxc6 Rxc6 19. Rfd1 Rcc8 20. Rd2 Be6 
21. Rcd1 Rxd2 22. Rxd2 Kf8 23. g4 Ke7 24. a3 g6 25. Kg2 f5 
26. h3 a6 27. Kg3 Rf8 28. Rd6 Rf6 29. Rb6 Bd5 30. gxf5 Rxb6 
31. cxb6 gxf5 32. Kf4 Kf6 33. a4 Ke6 34. a5 Bc6 35. Bc4+ Kf6 
36. h4 h5 37. Bg8 Bd7 38. Bd5 Bc8 39. f3 exf3 40. Bxf3 Ke6 
41. Bxh5 Kd5 42. Bf7+ Kc6 43. h5 Kb5 44. h6 Kxb4 45. h7 1-0

[Event "DM 2024 KP-1 Grp1"]
[Site "Svendborg"]
[Date "2024.03.24"]
[Round "3"]
[White "Bonnez, Finn"]
[Black "Ringsmose, Christian"]
[Result "0-1"]
[WhiteElo "1917"]
[BlackElo "1980"]
[PlyCount "84"]
[WhiteFideId "1403800"]
[BlackFideId "1451669"]
[EventDate "2024.03.23"]
[EventType "swiss"]
[EventRounds "5"]
[EventCountry "DEN"]
[SourceTitle "Live v. Kasper Jerwiarz"]

1. d4 d5 2. Nf3 Nf6 3. c3 c5 4. g3 cxd4 5. cxd4 Nc6 
6. Bg2 Bf5 7. a3 e6 8. O-O Bd6 9. Nc3 h6 10. b4 O-O 
11. Bb2 Rc8 12. e3 Nd7 13. Nh4 Bh7 14. e4 dxe4 15. Nxe4 Be7 
16. Nc5 Bxh4 17. Nxd7 Qxd7 18. gxh4 Rfd8 19. Rc1 Ne7 20. Rxc8 Rxc8 
21. d5 exd5 22. Qd4 f6 23. Rd1 Rd8 24. Qxa7 Be4 25. f3 Bf5 
26. Qf2 Ng6 27. f4 Be4 28. Qg3 Qf5 29. Bh3 Qxf4 30. h5 Qxg3+ 
31. hxg3 Ne5 32. Be6+ Kf8 33. b5 Ke7 34. Bh3 d4 35. Bg2 Bxg2 
36. Kxg2 Nc4 37. Bc1 Ke6 38. g4 Kd5 39. Kf3 Kc5 40. a4 Kb4 
41. Ke4 Kc5 42. Kf5 d3 0-1

[Event "DM 2024 KP-1 Grp1"]
[Site "Svendborg"]
[Date "2024.03.25"]
[Round "4"]
[White "Rasmussen, Steen Hulthin"]
[Black "Steenstrup, Svend"]
[Result "1-0"]
[WhiteElo "2052"]
[BlackElo "1959"]
[PlyCount "57"]
[WhiteFideId "1419307"]
[BlackFideId "1409182"]
[EventDate "2024.03.23"]
[EventType "swiss"]
[EventRounds "5"]
[EventCountry "DEN"]
[SourceTitle "Live v. Kasper Jerwiarz"]

1. e4 e6 2. d4 d5 3. exd5 exd5 4. c4 Bb4+ 5. Bd2 Qe7+ 
6. Be2 Nf6 7. Nf3 O-O 8. O-O dxc4 9. Bxc4 Bg4 10. Re1 Qd6 
11. Qb3 a5 12. a3 Bxf3 13. axb4 Bd5 14. Bxd5 Nxd5 15. Rxa5 Rxa5 
16. bxa5 Nc6 17. Nc3 Nxc3 18. Bxc3 Nxd4 19. Qxb7 Nc6 20. a6 Nd8 
21. Qb5 Nc6 22. Ra1 Rd8 23. h3 Na7 24. Qg5 f6 25. Qe3 Ra8 
26. Bd4 Nc6 27. Qb3+ Kf8 28. Qb7 Rb8 29. Qxb8+ 1-0

[Event "DM 2024 KP-1 Grp1"]
[Site "Svendborg"]
[Date "2024.03.25"]
[Round "4"]
[White "Ramsdal, Mikkel"]
[Black "Aagaard, Gert"]
[Result "1-0"]
[WhiteElo "1882"]
[BlackElo "2006"]
[PlyCount "117"]
[WhiteFideId "1438484"]
[BlackFideId "1427024"]
[EventDate "2024.03.23"]
[EventType "swiss"]
[EventRounds "5"]
[EventCountry "DEN"]
[SourceTitle "Live v. Kasper Jerwiarz"]

1. d4 Nf6 2. c4 e6 3. Nf3 Bb4+ 4. Bd2 Qe7 5. a3 Bxd2+ 
6. Nbxd2 d5 7. g3 O-O 8. Bg2 Nbd7 9. O-O a5 10. Qc2 c6 
11. e4 dxe4 12. Nxe4 Rd8 13. Rfe1 Nxe4 14. Qxe4 Qd6 15. Rad1 Nf6 
16. Qe2 Bd7 17. Ne5 Be8 18. c5 Qc7 19. Nc4 h6 20. h4 Nd7 
21. Qf3 Nf8 22. Re4 f6 23. Bh3 Bf7 24. Nd6 Rxd6 25. cxd6 Qxd6 
26. Ree1 a4 27. Qc3 Bh5 28. Rd2 Bf7 29. Qc5 Qd8 30. Qb4 Ra7 
31. Rde2 Qa5 32. Qd6 Ra8 33. Qc5 Qd8 34. Qb4 Qc7 35. Bxe6 Bxe6 
36. Rxe6 Nxe6 37. Rxe6 b5 38. Re7 Qd8 39. Qc5 Qf8 40. Qxc6 Qxe7 
41. Qxa8+ Kh7 42. Qf3 Qe1+ 43. Kg2 Qd2 44. Qc3 Qe2 45. d5 Qe4+ 
46. Qf3 Qd4 47. Qf5+ Kh8 48. Qe6 Qc4 49. Qf5 Qd4 50. Qe6 Qc4 
51. Qc6 Qe4+ 52. Kh2 Qd4 53. Kg1 Qxb2 54. d6 b4 55. d7 Qb1+ 
56. Kg2 bxa3 57. d8=Q+ Kh7 58. Qxa4 a2 59. Qda8 1-0